Name A Bordering US State - Statistics

General Stats
  • This quiz has been taken 36 times
  • The average score is 10 of 12
Answer Stats
Hint Answer % Correct
Texas Arkansas | Louisiana | New Mexico | Oklahoma
100%
Oregon California | Idaho | Nevada | Washington
94%
Montana Idaho | North Dakota | South Dakota | Wyoming
94%
North Dakota Minnesota | Montana | South Dakota
91%
Mississippi Alabama | Arkansas | Louisiana | Tennessee
88%
Rhode Island Connecticut | Massachusetts
74%
South Carolina North Carolina | Georgia
74%
Kansas Colorado | Missouri | Nebraska | Oklahoma
71%
Illinois Indiana | Iowa | Kentucky | Missouri | Wisconsin
71%
Delaware Maryland | New Jersey | Pennsylvania
71%
Michigan Indiana | Ohio | Wisconsin
68%
Maine New Hampshire
68%
No matching quizzes found
Score Distribution
Percent of People with Each Score
Percentile by Number Answered
Your Score History
You have not taken this quiz